000 00306nam a22001337a 4500
008 170208b xxu||||| |||| 00| 0 eng d
020 _a0387967559
041 _aeng
080 _a61
100 _a4
101 _aSHM
245 _aLOBAROTORY DIAGNOSIS INFECTIONS DISEASES
_cALBERT BALOWS
942 _2udc
_cBK
999 _c4950
_d4950